| 000 | 00573nam a2200205Ia 4500 | ||
|---|---|---|---|
| 003 | IN-BaIIA | ||
| 008 | 211028s9999 xx 000 0 eng d | ||
| 020 | _a0-7216-7099-7 | ||
| 040 | _cIIA Library | ||
| 080 |
_a52 _bPAS |
||
| 100 |
_aPasachoff, Jay M _910920 |
||
| 245 | 0 |
_aUniversity astronomy _cJay M Pasachoff and Marc L Kutner |
|
| 260 |
_aPhiladelphia _bW B Saunders _c1978 |
||
| 300 | _axvii, 763p. | ||
| 650 |
_aastronomy _980 |
||
| 650 | _aAstronomy and astrophysics thesaurus | ||
| 650 |
_aAstrophysics _9794 |
||
| 700 |
_aKutner, Marc L. _911061 |
||
| 942 | _cBK | ||
| 999 |
_c6444 _d6444 |
||